000 01038nam a22003137a 4500
001 BR9803732
003 BR-BrBNA
005 20230928100039.0
007 ta
008 230509b bl.||||| |||| 00| 0 por d
040 _aBR-BrBNA
_bpor
_cBiblioteca Nacional de Agricultura
041 _a(Por)
072 _aJ11
_b9205
090 _ 9205 BR9803732
100 1 _aMartins, R.S.
110 1 _aEscola Superior de Agricultura Luiz de Queiroz, Piracicaba, SP (Brasil)
_0Tese (Doutor em Ciencias)
245 1 _aRacionalizacao da infra-estrutura de transporte no Estado do Parana: o desenvolvimento e a contribuicao das ferrovias para a movimentacao de graos e farelo de soja
260 3 _aPiracicaba, SP (Brasil):
_c1998.
300 _a216 p.
500 _aBibliography p. 170-186; 21 illus.; 51 tables; Summaries (Eng, Por)
650 _aGrao
650 _aFarelo
650 _aSoja
650 _aTransporte Ferroviario
650 _aAgribusiness
650 _aParana
909 _a202309
_bLucia
_c55
_dLucia Elande
942 _cBK
999 _c60048
_d60048